Swami Vivekananda ka shiksha darshan/ (Record no. 61184)

000 -LEADER
fixed length control field 00415nam a2200145Ia 4500
008 - FIXED-LENGTH DATA ELEMENTS--GENERAL INFORMATION
fixed length control field 190923s9999||||xx |||||||||||||| ||und||
020 ## - INTERNATIONAL STANDARD BOOK NUMBER
ISBN 9788183163309
037 ## - SOURCE OF ACQUISITION
Source of stock number/acquisition RAB07-11-2017
100 ## - MAIN ENTRY--AUTHOR NAME
Personal name Srivastava, Rashmi
245 #0 - TITLE STATEMENT
Title Swami Vivekananda ka shiksha darshan/
260 ## - PUBLICATION, DISTRIBUTION, ETC. (IMPRINT)
Place of publication New Delhi:
Name of publisher Neelkamal Publications Pvt. Ltd.,
Year of publication 2012
300 ## - PHYSICAL DESCRIPTION
Number of Pages xiv, 262
650 ## - SUBJECT ADDED ENTRY--TOPICAL TERM
Topical Term Education-Philosophy
942 ## - ADDED ENTRY ELEMENTS (KOHA)
Koha item type
Holdings
Lost status Damaged status Not for loan Collection code Permanent Location Current Location Shelving location Cost, normal purchase price Full call number Accession Number Koha item type
        RIE AJMER LIBRARY RIE AJMER LIBRARY General Stacks 195.00 370.1 SRI-S 4507 81822 Books

Powered by Koha